000 00787nam a2200241 a 4500
001 24961
003 BD-RJUL
005 20211209050818.0
008 140315s19541949enkab 001 0 eng d
035 _a(BD-RJUL)25030
040 _aYDM
_cYDM
_dEQO
_beng
041 _aeng
082 _a932
_bMUS 1954
090 _aDT61
_b.M8a
100 1 _aMurray, Margaret Alice
_976782
245 1 4 _aThe splendour that was Egypt :
_ba general survey of Egyptian culture and civilisation /
_cby Margaret A. Murray
260 _aLondon :
_bSidgwick and Jackson,
_cC1949 [Impression 1954]
300 _axxiii, 354 p. :
_bill. (some col.) maps (on lining papers) ;
_c24 cm
504 _aincludes index
651 0 _aEgypt
_xCivilization
_976783
651 0 _aEgypt
_xAntiquities
_966098
942 _2ddc
_cBK
999 _c24961
_d24961